Tilastot visalle Valtatie 9 -kunnat

Klikkaa tästä pelataksesi tätä visaa!

Yleistilastot

  • Tätä visaa on pelattu 49 kertaa
  • Keskiarvotulos 21 / 29

Vastaustilastot

% Oikein
Jyväskylä
92%
Kuopio
92%
Tampere
92%
Turku
92%
Aura
87%
Jämsä
87%
Lempäälä
84%
Joensuu
82%
Laukaa
82%
Loimaa
82%
Orivesi
82%
Siilinjärvi
82%
Kangasala
79%
Akaa
76%
Muurame
74%
Rautalampi
71%
Suonenjoki
71%
Hankasalmi
68%
Lieto
68%
Urjala
68%
Valkeakoski
68%
Tuusniemi
66%
Humppila
63%
Pöytyä
63%
Liperi
61%
Outokumpu
61%
Leppävirta
55%
Tohmajärvi
47%
Pieksämäki
45%

Tulosjakauma

Persentiili vastausten määrän mukaan

Jokaisen tuloksen saaneiden osuus

Tuloshistoriasi

Et ole pelannut tätä visaa